| 000 | 00451nam a2200181 a 4500 | ||
|---|---|---|---|
| 001 | 4683 | ||
| 003 | CO-ViMGA | ||
| 008 | 141112s2004 ck r 000 u spa d | ||
| 040 |
_aCO-ViMGA _bspa _cCO-ViMGA |
||
| 082 | 0 | 4 | _a574.52664 T195 |
| 100 | 1 | _aTaylor, Barbara | |
| 245 | 1 | 0 |
_aMira de cerca : _bel bosque |
| 260 |
_aMadrid : _bAnaya, _c1993 |
||
| 300 | _a29 p : il | ||
| 650 | 1 | 4 |
_aANIMALES DEL BOSQUE _955680 |
| 650 | 1 | 4 | _aBOSQUES |
| 942 |
_2ddc _cBK |
||
| 999 |
_c16693 _d16693 |
||